Industrial conflict (Record no. 76485)
[ view plain ]
| 000 -LEADER | |
|---|---|
| fixed length control field | 00951nam a2200193 a 4500 |
| 008 - FIXED-LENGTH DATA ELEMENTS--GENERAL INFORMATION | |
| fixed length control field | 120416s1954 ||||||||||||||||| || u |
| 050 ## - LIBRARY OF CONGRESS CALL NUMBER | |
| Classification number | HD 6972.5 Ind |
| 100 ## - MAIN ENTRY--PERSONAL NAME | |
| Personal name | Kornhauser, Arthur |
| 245 10 - TITLE STATEMENT | |
| Title | Industrial conflict |
| Statement of responsibility, etc. | edited by Arthur Kornhauser (and others) |
| 260 ## - PUBLICATION, DISTRIBUTION, ETC. | |
| Place of publication, distribution, etc. | New York |
| Name of publisher, distributor, etc. | McGraw-Hill |
| Date of publication, distribution, etc. | 1954 |
| 300 ## - PHYSICAL DESCRIPTION | |
| Extent | xi, 551 pages |
| 350 ## - | |
| -- | 0.00 |
| 650 #0 - SUBJECT ADDED ENTRY--TOPICAL TERM | |
| Topical term or geographic name entry element | CONFLICT MANAGEMENT |
| 650 ## - SUBJECT ADDED ENTRY--TOPICAL TERM | |
| Topical term or geographic name entry element | INDUSTRY |
| 650 ## - SUBJECT ADDED ENTRY--TOPICAL TERM | |
| Topical term or geographic name entry element | ARBITRATION, INDUSTRIAL--GREAT BRITAIN |
| 995 ## - | |
| -- | MAIN LIBRARY OPEN ACCESS |
| -- | 0.00 |
| -- | 730399 |
| -- | CBU-MAIN LIBRARY (Kitwe) |
| -- | 1 |
| -- | 0.00 |
| -- | HD 6972.5 Ind |
| -- | 1 |
| -- | AVAILABLE |
| -- | 003683 |
| -- | Main Library Open Access Collection |
| 995 ## - | |
| -- | MAIN LIBRARY OPEN ACCESS |
| -- | 0.00 |
| -- | 730400 |
| -- | CBU-MAIN LIBRARY (Kitwe) |
| -- | 3 |
| -- | 0.00 |
| -- | HD 6972.5 Ind |
| -- | 3 |
| -- | AVAILABLE |
| -- | 003684 |
| -- | Main Library Open Access Collection |
| 995 ## - | |
| -- | ANNEX COLLECTION (Main Library) |
| -- | 0.00 |
| -- | 4515 |
| -- | CBU-MAIN LIBRARY (Kitwe) |
| -- | 2 |
| -- | 0.00 |
| -- | HD 6972.5 Ind |
| -- | 2 |
| -- | AVAILABLE |
| -- | 003682 |
| -- | Annex Low-Usage Collection |
| 999 ## - | |
| -- | 76485 |
| -- | 76485 |
| Withdrawn status | Lost status | Source of classification or shelving scheme | Damaged status | Not for loan | Permanent Location | Current Location | Shelving location | Date acquired | Total Checkouts | Full call number | Barcode | Date last seen | Copy number | Price effective from | Koha item type |
|---|---|---|---|---|---|---|---|---|---|---|---|---|---|---|---|
| CBU-MAIN LIBRARY, KITWE. | CBU-MAIN LIBRARY, KITWE. | 04/25/2023 | HD 6972.5 Ind | 003683 | 04/25/2023 | 1 | 04/25/2023 | MONOGRAPH | |||||||
| CBU-MAIN LIBRARY, KITWE. | CBU-MAIN LIBRARY, KITWE. | 04/25/2023 | HD 6972.5 Ind | 003684 | 04/25/2023 | 2 | 04/25/2023 | MONOGRAPH | |||||||
| CBU-MAIN LIBRARY, KITWE. | CBU-MAIN LIBRARY, KITWE. | 04/25/2023 | HD 6972.5 Ind | 003682 | 04/25/2023 | 3 | 04/25/2023 | MONOGRAPH |